01409nam a2200241Ia 4500001000600000003000900006008004100015040001300056040001300069041001500082100001600097100002900113245003300142245003300175250001100208260000900219260001000228260004900238300005500287500076500342650002901107650003101136A2559IT-RoPAU130308s9999 xx 000 0 und d aIT-RoPAU cIT-RoPAU aPORTOGHESE aConte Hildo gCodice Aut. SPICS: 35037 2aA comunicacao segundo a Cnbb bA comunicacao Segundo a Cnbb a1a ed. aROMA bSPICS c1991 [1° Ed.:1991 - Ed.Ling.Originale:1991] a"79 p. (prefazione: no ; testo: 79 [pagine: 0-0])" aComunicazione Secondo la Cnbb conferenza Nazionale dei vescovi Brasiliani.Comprensione giudizio e Uso della Comunicazione nella Prospettiva dell'Azione Pastorale della Chiesa Brasiliana. Come la Cnbb Vede la Comunicazione Ei Suoi Mezzi. Processo di Comunicazione. Comunicazione e Società. Rapporto tra Mass Media e Potere. Cultura e Mass Media. Comunicazione nella Chiesa.Come la Cnbb giudica la Comunicazione e I Suoi Mezzi. Dimensione Teologicaed Etica della Comunicazione. prospettive Cristiane della Comunicazione. Comunicazione Nei Piani della Cnbb. Nei Piani della Fraternità. Chiesa e Mass Media. Proposta Comunicativa della Cnbb: nella Catechesi, Vita Liturgicae Sacramentale, Nei singoli Sacramenti. Comunicazione ed Evangelizzazione.Bibliografia. aELABORATI STUDENTI SPICS eCodice materia Spics: 9905